000 00955nam a2200241Ia 4500
003 OSt
005 20221005104355.0
006 a|||||r|||| 00| 0
007 ta
008 221004b |||||||| |||| 00| 0 hin d
024 _a31042
037 _cTextual
040 _aCRL
_cCRL
_bhin
041 _2hin
_ahin
082 _aR9645x8,1, 152L9
100 _aशास्त्री, शान्तिभिक्षु, संपा.
245 0 _aवज्रच्छेदिका प्रज्ञापारमिता
246 _aVajrachchhedikā prajnyāpāramitā
260 _aदिल्ली
_bबौद्ध विद्या विभाग दिल्ली विश्वविद्यालय भारत
_c1979
300 _a47पृ.
_ccm.
942 _hR9645x8,1, 152L9
_cTEXL
_2cc
999 _c1012506
_d1012506